000 00422nas a22001577a 4500
005 20251108172928.0
008 250721s9999 xx mr 000 0 ara d
082 1 4 _aم/352.056511005/عما
245 1 0 _aعمان مجله ثقافيه /
264 1 _aعمان :
_bامانه عمان الكبرى،
310 _aMonthly
650 1 7 _aالثقافه
650 1 7 _aدوريات
942 _2ddc
_cPER
999 _c92073
_d92073